|
|
|
|
| LEADER |
00000nam0a2200000 4500 |
| 001 |
102781 |
| 005 |
20231031113116.0 |
| 035 |
|
|
|a (RuTPU)RU\TPU\book\110825
|
| 090 |
|
|
|a 102781
|
| 100 |
|
|
|a 20061005d1982 k y0rusy50 ca
|
| 101 |
1 |
|
|a rus
|c ger
|
| 102 |
|
|
|a RU
|
| 105 |
|
|
|a a z 001zy
|
| 200 |
1 |
|
|a Вулканы и вулканизм
|e пер. с нем.
|f Х. Раст
|g пер. Е. Ф. Бурштейн
|
| 210 |
|
|
|a Москва
|c Мир
|d 1982
|
| 215 |
|
|
|a 344 с.
|c ил.
|
| 300 |
|
|
|a Загл. указано на корешке
|
| 320 |
|
|
|a Библиогр.: с.317-319
|
| 320 |
|
|
|a Имен. указ.: с. 320-321
|
| 320 |
|
|
|a Предм. указ.: с. 322-331
|
| 320 |
|
|
|a Указ. имен и геогр. назв.: с.332-342
|
| 610 |
1 |
|
|a вулканы
|
| 610 |
1 |
|
|a вулканизм
|
| 610 |
1 |
|
|a тектоника
|
| 610 |
1 |
|
|a Земля
|
| 610 |
1 |
|
|a тепловая энергия
|
| 610 |
1 |
|
|a продукты вулканизма
|
| 610 |
1 |
|
|a проявление
|
| 610 |
1 |
|
|a наблюдения
|
| 610 |
1 |
|
|a использование
|
| 610 |
1 |
|
|a формы
|
| 675 |
|
|
|a 551.21
|v 3
|
| 700 |
|
1 |
|a Раст
|b Х.
|g Хорст
|
| 702 |
|
1 |
|a Бурштейн
|b Е. Ф.
|4 730
|
| 801 |
|
1 |
|a RU
|b 63413507
|c 20061005
|g PSBO
|
| 801 |
|
2 |
|a RU
|b 63413507
|c 20160129
|g PSBO
|
| 942 |
|
|
|c BK
|